000 00395ntaaa2200169 4500
003 01
005 20251027202337.0
008 0714s1973 ag 01
040 _aAR-BaBN
_bspa
_cAR-BaBN
_eaacr
_dRIC
082 _a296.0900 Ep8
100 _aEpstein, Isidore
_922045
245 _aJudaism
250 _a1 ed.
260 _aHarmondsworth :
_bPenguin Books,
_cc1959
300 _a349 p
942 _cBK
999 _c18271
_d18271